00326nam a22000977a 4500008004100000082001800041100002700059245007800086260004900164300001500213230605b xxu||||| |||| 00| 0 eng d a328.7305bSUL cJohn V. Sullivand2005 aConstitution Jefferson's Manual and Rules of the House of Representatives aWashingtonbU.S. Government Printing Office  axiii;330 p